Pneumatické upínací přípravky /
Salvato in:
| Autori principali: | , |
|---|---|
| Altri autori: | |
| Natura: | Libro |
| Lingua: | ceco |
| Pubblicazione: |
Praha :
SNTL,
1955
|
| Tags: |
Nessun Tag, puoi essere il primo ad aggiungerne!!
|
MARC
| LEADER | 00000nam a22000003a 4500 | ||
|---|---|---|---|
| 001 | stu45162 | ||
| 005 | 20150617225716.3 | ||
| 008 | 951123s1955----cs------------------cze-d | ||
| 040 | |a STU |b slo | ||
| 041 | 0 | |a cze | |
| 044 | |a cs | ||
| 100 | 1 | |a Zonnenberg, S.M |4 aut | |
| 245 | 1 | |a Pneumatické upínací přípravky / |c [aut.]S.M. Zonnenberg, A.S. Lebedev; Z rus. J. Vladyka | |
| 260 | |a Praha : |b SNTL, |c 1955 | ||
| 300 | |a 173 s | ||
| 700 | 1 | |a Lebedev, A.S |4 aut | |
| 700 | 1 | |a Vladyka, J |4 trl | |
| 996 | |b 284M020081 |c M*3630-1 |l MMKN |s A |a 24 |w stu45162_0001 | ||